Superconductivity : Elementary topics
Wedi'i Gadw mewn:
| Prif Awdur: | |
|---|---|
| Fformat: | Sách |
| Iaith: | Undetermined |
| Cyhoeddwyd: |
World Scientific
2000
|
| Pynciau: | |
| Tagiau: |
Ychwanegu Tag
Dim Tagiau, Byddwch y cyntaf i dagio'r cofnod hwn!
|
| Thư viện lưu trữ: | Trung tâm Thư viện - Trường Đại học Công nghiệp TP. Hồ Chí Minh |
|---|
| LEADER | 00497nam a2200157Ia 4500 | ||
|---|---|---|---|
| 001 | UIH_07724 | ||
| 008 | 231011s9999 xx 000 0 und d | ||
| 082 | |a 537.6 | ||
| 100 | |a Shrivastava, Keshav Narin | ||
| 245 | 0 | |a Superconductivity : Elementary topics | |
| 245 | 0 | |c Shrivastava, Keshav Narin | |
| 260 | |b World Scientific | ||
| 260 | |c 2000 | ||
| 650 | |a Siêu dẫn; | ||
| 927 | |a Sách | ||
| 980 | |a Trung tâm Thư viện - Trường Đại học Công nghiệp TP. Hồ Chí Minh | ||